Foglie secche. (Record no. 19048)
[ view plain ]
| 000 -LEADER | |
|---|---|
| fixed length control field | 00603cam a22001691 4500 |
| 001 - CONTROL NUMBER | |
| control field | e 10001648 |
| 003 - CONTROL NUMBER IDENTIFIER | |
| control field | DLC |
| 005 - DATE AND TIME OF LATEST TRANSACTION | |
| control field | 20260227111154.0 |
| 008 - FIXED-LENGTH DATA ELEMENTS--GENERAL INFORMATION | |
| fixed length control field | 780418s1875 it 00000 ita |
| 010 ## - LIBRARY OF CONGRESS CONTROL NUMBER | |
| LC control number | e 10001648 //r78 |
| 040 ## - CATALOGING SOURCE | |
| Original cataloging agency | Library, U.S. Bur. of Education |
| 100 10 - MAIN ENTRY--PERSONAL NAME | |
| Personal name | Donati, Cesare, |
| Dates associated with a name | 1826-1913. |
| 245 10 - TITLE STATEMENT | |
| Title | Foglie secche. |
| Remainder of title | Racconti. La tabacchiera del nonno. La gegia del ponte. Novelle. Una gamba rotta.--Un Figaro.--Il disertore.--Annella di Rosa. |
| 250 ## - EDITION STATEMENT | |
| Edition statement | 2. ed. |
| 260 0# - PUBLICATION, DISTRIBUTION, ETC. | |
| Place of publication, distribution, etc. | Firenze, |
| Name of publisher, distributor, etc. | Successori Le Monnier, |
| Date of publication, distribution, etc. | 1875. |
| 300 ## - PHYSICAL DESCRIPTION | |
| Extent | 1 p. l., iii p., 1 l., 418 p., 1 l. |
| Dimensions | 18 cm. |
No items available.